00821nam a2200193 a 4500001001000000005001700010008004100027041000800068044000700076245022400083260002800307300003700335500001800372500003200390500001000422500003800432500006500470506009200535BRCA_858820190320210335.0220816s--------mx-#######---#000-0#spa-# aspa amx10aEscrituras primordiales de 3 censos dos perpetuos su valor 1.120 y otro redimible de 180 sobre unas casas en esta ciu. en la c. de las moscas detras del colegio de la suia las ultimam pose la viuda de D. Felipe Aguilar. aMéxicob[s.i.]c17--? a1 vol. (sin paginación)c32 cm aFondo antiguo aSe encuentra en Caja Fuerte aW-151 aDocumento manuscrito, no. 60 y 67 aNota de encuadernación: piel pergamino con broches de piel0 aFondo reservado: para su consulta es necesario credencial de usuario y carta de motivos